| 000 | 00499nam a2200181 4500 | ||
|---|---|---|---|
| 003 | OSt | ||
| 005 | 20240621120002.0 | ||
| 008 | 240621b |||||||| |||| 00| 0 eng d | ||
| 040 |
_aDDC _cMUST |
||
| 082 |
_222 _a536 SPR 1991 |
||
| 100 |
_aSpracling Michael _917574 |
||
| 245 |
_aThermal physics/ _cMichael Sprackling |
||
| 260 |
_aNew York _bThe American Institute of Physics _cc1991 |
||
| 300 |
_axiv,374p.; _bill: _c24cm |
||
| 504 | _aincludes index | ||
| 650 |
_aPhysics _9809 |
||
| 942 |
_2ddc _cO_SHELF |
||
| 999 |
_c8693 _d8693 |
||